Normal view MARC view

Entry Topical Term

Number of records used in: 2

001 - CONTROL NUMBER

  • control field: 72281

003 - CONTROL NUMBER IDENTIFIER

  • control field: dpl

005 - DATE AND TIME OF LATEST TRANSACTION

  • control field: 20241001154819.0

008 - FIXED-LENGTH DATA ELEMENTS

  • fixed length control field: 241001|| aca||aabn | a|a d

040 ## - CATALOGING SOURCE

  • Original cataloging agency: dpl
  • Transcribing agency: dpl

150 ## - HEADING--TOPICAL TERM

  • Topical term or geographic name as entry element: Herbs--Therapeutic use

670 ## - SOURCE DATA FOUND

  • Source citation: Work cat.: (dpl)206061: Natarajan, Nagarajan 72279, Easy Voyage In Medicine/, 2019

© Delhi Public Library
Hit Counter
free hit counter